Wiadomości z 2023 r. – Podaj nazwę państwa - Statystyki

Ogólne statystyki
  • Ten quiz został rozwiązany 81 razy
  • Średni wynik to 10 z 18
Statystyki odpowiedzi
Wskazówka Państwo % Poprawnych
Wyprzedza Chiny i staje się najludniejszym państwem na świecie Indie
100%
Koronuje Karola III na króla Wielka Brytania
92%
Rozpoczyna kontrofensywę w celu odzyskania terytorium utraconego w poprzednim roku Ukraina
84%
W wyniku ataku terrorystycznego Hamasu zginęło ponad 1000 osób Izrael
76%
Dołącza do NATO Finlandia
68%
Przynosi Neymara do swojej profesjonalnej ligi piłkarskiej z roczną pensją wynoszącą 150 milionów euro Arabia Saudyjska
62%
Ponad 50 000 ofiar śmiertelnych trzęsienia ziemi o magnitudzie 7,8 w pobliżu miasta Gaziantep Turcja
59%
Deklaruje zamiar aneksji większości terytorium Gujany Wenezuela
59%
Zajmuje enklawę Górskiego Karabachu, zmuszając mieszkańców Ormian do ucieczki Azerbejdżan
58%
Podobno wysyłały balony szpiegowskie nad przestrzeń powietrzną USA Chiny
58%
Były prezydent Lula da Silva ponowinie obejmuje rząd Brazylia
50%
Kandydat Partii Libertariańskiej Javier Milei został wybrany na prezydenta tego państwa Argentyna
46%
Siły Huti wystrzeliwują rakiety w kierunku statków na Morzu Czerwonym Jemen
36%
Otwarcie nowego więzienia dla 40 000 aresztowanych członków gangu z tatuażami
masowo w poprzednim roku
Salwador
35%
Wskaźnik dzietności spada do około 0,7 dziecka na kobietę,
najniższy, jaki kiedykolwiek odnotowano w jakimkolwiek kraju
Korea Południowa
31%
Zdobywa szósty tytuł Pucharu Świata w Krykiecie Australia
27%
Junta wojskowa obala prezydenta i żąda wycofania wojsk francuskich Niger
24%
Partia Wolności Geerta Wildersa zdobywa najwięcej miejsc w wyborach parlamentarnych Holandia
23%
Nie znaleziono quizów pasujących do podanych kryteriów
Rozkład punktacji
Procent ludzi z każdym wynikiem
Percentyl według liczby udzielonych odpowiedzi
Twoja historia wyników
Nie rozwiązałeś tego quizu